000 00671nam a2200241Ia 4500
003 OSt
005 20220928130009.0
006 a|||||r|||| 00| 0
007 ta
008 220927b |||||||| |||| 00| 0 eng d
024 _a32343
037 _cTextual
040 _aSDCL
_cSDCL
_beng
041 _2eng
_aeng
082 _aQ23, J4
100 _aPandey Kanti Chandra
_9472445
245 0 _aOutline of History of Saiva philosophy.
260 _aDelhi
_bMotilal Banarsidass
_c1954
300 _axx,278p.
_ccm.
700 _a Dwivedi R C Ed.
_9457138
942 _hQ23, J4
_cTEXL
_2CC
999 _c785028
_d785028